La vision du passé

Salvato in:
Dettagli Bibliografici
Autore principale: Teilhard de Chardin, Pierre (Autore)
Natura: Libro
Lingua:francese
Pubblicazione: París Du Seuil 1957
Serie:Oeuvres de Teilhard de Chardin, 3
Soggetti:
Tags: Aggiungi Tag
Nessun Tag, puoi essere il primo ad aggiungerne!!

MARC

LEADER 00000nam a2200000 a 4500
001 UCP5092
003 CL-VaPUC
008 990827e19570000FR |||||||||||||||||fre|d
082 0 4 |a 215.7  |b TEI  |2 21 
100 0 |a Teilhard de Chardin, Pierre  |e author  |9 315457 
245 1 3 |a La vision du passé 
300 |a 391 p 
942 |c BK 
945 |d 19990827 00:00:00  |a cmena 
260 |a París  |b Du Seuil  |c 1957 
650 0 |a Antropología filosófica  |9 265842 
650 0 |a Filosofía francesa   |9 255698 
650 0 |a Evolución  |9 259442 
650 7 |a HOMBRE  |2 CL-VaPUC  |9 262149 
650 0 |a Naturaleza humana   |9 308593 
583 |a last modification  |c 19990827 00:00:00  |k Rodrigo Vera 
490 0 |a Oeuvres de Teilhard de Chardin, 3 
999 |c 282917  |d 282915 
952 |0 0  |1 0  |4 0  |6 215_700000000000000_TEI_1957  |7 0  |8 P  |9 325533  |a BIBEDU  |b BIBEDU  |c BIBEDU_PB  |d 2019-11-20  |i 3122700  |o 215.7 TEI 1957  |p 3122700  |r 2024-01-25  |w 2019-11-20  |y BK  |k FIL